[Event "Titled Tuesday intern op 19th Sep Early"]
[Site "Chess.com INT"]
[Date "2023.09.19"]
[Round "3"]
[White "Hommadov, Amanmuhammet"]
[Black "Xia, Brandon Yang"]
[Result "0-1"]
[WhiteElo "2070"]
[BlackElo "2024"]
[PlyCount "64"]
[EventDate "2023.09.19"]
[EventType "swiss (blitz)"]
[EventRounds "11"]
[EventCountry "USA"]
[SourceTitle "EXT 2024"]
[Source "ChessBase"]
[SourceDate "2023.10.10"]
[SourceVersion "1"]
[SourceVersionDate "2023.10.10"]
[SourceQuality "1"]

1. e4 g6 2. d4 Bg7 3. Nc3 d6 4. Nf3 a6 5. a4 Nc6 6. h3 Nf6 7. Be3 0-0 8. Be2 e5 9. dxe5 Nxe5 10. Nxe5 dxe5 11. 0-0 Be6 12. b3 Qe7 13. a5 Rfd8 14. Qc1 Qb4 15. Qb2 Nxe4 16. Nxe4 Qxe4 17. Bf3 Qb4 18. Ra4 Qb5 19. c4 Qe8 20. Bxb7 Rab8 21. Bxa6 Qxa4 22. bxa4 Rxb2 23. Bb5 Rc2 24. a6 Bxc4 25. Rb1 Bxb5 26. Rxb5 Ra2 27. a5 e4 28. a7 Bf6 29. Bd4 Bxd4 30. Rb8 Ra1+ 31. Kh2 Bxa7 32. Rxd8+ Kg7 0-1

[Event "Titled Tuesday intern op 19th Sep Early"]
[Site "Chess.com INT"]
[Date "2023.09.19"]
[Round "4"]
[White "Willy, Stephen"]
[Black "Xia, Brandon Yang"]
[Result "0-1"]
[WhiteElo "1994"]
[BlackElo "2024"]
[PlyCount "74"]
[EventDate "2023.09.19"]
[EventType "swiss (blitz)"]
[EventRounds "11"]
[EventCountry "USA"]
[SourceTitle "EXT 2024"]
[Source "ChessBase"]
[SourceDate "2023.10.10"]
[SourceVersion "1"]
[SourceVersionDate "2023.10.10"]
[SourceQuality "1"]

1. b3 e5 2. Bb2 Nc6 3. e3 d5 4. c4 Nf6 5. cxd5 Nxd5 6. Nc3 Be7 7. Nf3 Nb6 8. Bb5 Bd6 9. d4 exd4 10. Qxd4 0-0 11. Bxc6 bxc6 12. 0-0 f6 13. a4 Be6 14. a5 Nd5 15. Ne4 Be7 16. Rac1 Nb4 17. Ba3 Rb8 18. Qxa7 Bxb3 19. Nd4 Bd5 20. Nc5 Bxc5 21. Rxc5 Ra8 22. Qb7 Rb8 23. Qa7 Ra8 24. Qb7 Rb8 25. Qxb4 Rxb4 26. Bxb4 Re8 27. a6 Qb8 28. Ba3 Qb6 29. h4 Qxa6 30. Bc1 Rb8 31. Bd2 Rb2 32. Bc3 Ra2 33. Rb1 Ra4 34. h5 Rc4 35. Ra5 Qc8 36. Bd2 Qg4 37. h6 Qxg2# 0-1

[Event "Titled Tuesday intern op 19th Sep Early"]
[Site "Chess.com INT"]
[Date "2023.09.19"]
[Round "7"]
[White "Womacka, Mathias"]
[Black "Xia, Brandon Yang"]
[Result "1-0"]
[WhiteElo "2371"]
[BlackElo "2024"]
[PlyCount "83"]
[EventDate "2023.09.19"]
[EventType "swiss (blitz)"]
[EventRounds "11"]
[EventCountry "USA"]
[SourceTitle "EXT 2024"]
[Source "ChessBase"]
[SourceDate "2023.10.10"]
[SourceVersion "1"]
[SourceVersionDate "2023.10.10"]
[SourceQuality "1"]

1. e4 g6 2. d4 Bg7 3. Nc3 d6 4. f4 a6 5. Nf3 b5 6. Bd3 Nd7 7. e5 Nh6 8. Be4 Rb8 9. 0-0 0-0 10. Kh1 c5 11. Be3 Ng4 12. Bg1 cxd4 13. Nxd4 dxe5 14. Nc6 Qc7 15. Nxb8 Nxb8 16. Nd5 Qd6 17. f5 Nf6 18. Nxf6+ Bxf6 19. Qxd6 exd6 20. Rad1 gxf5 21. Bxf5 Be7 22. Bxc8 Rxc8 23. c3 Nd7 24. a4 Nf6 25. axb5 axb5 26. Ra1 Ne4 27. Ra7 Kf8 28. Rb7 Nd2 29. Rd1 Nc4 30. Rxb5 Ra8 31. b3 Na3 32. Ra1 Nxb5 33. Rxa8+ Kg7 34. c4 Nc3 35. b4 d5 36. b5 d4 37. b6 Bd6 38. b7 d3 39. Be3 Ne4 40. b8Q Bxb8 41. Rxb8 d2 42. Rd8 1-0

[Event "Titled Tuesday intern op 19th Sep Early"]
[Site "Chess.com INT"]
[Date "2023.09.19"]
[Round "6"]
[White "Xia, Brandon Yang"]
[Black "Korelskiy, Egor"]
[Result "1/2-1/2"]
[WhiteElo "2024"]
[BlackElo "2189"]
[PlyCount "114"]
[EventDate "2023.09.19"]
[EventType "swiss (blitz)"]
[EventRounds "11"]
[EventCountry "USA"]
[SourceTitle "EXT 2024"]
[Source "ChessBase"]
[SourceDate "2023.10.10"]
[SourceVersion "1"]
[SourceVersionDate "2023.10.10"]
[SourceQuality "1"]

1. b3 e5 2. Bb2 Nc6 3. e3 Nf6 4. Bb5 Bd6 5. Na3 a6 6. Be2 Be7 7. c4 0-0 8. Nc2 d5 9. Nf3 e4 10. Nfd4 Nxd4 11. exd4 c6 12. 0-0 Be6 13. d3 exd3 14. Bxd3 Qb6 15. Bc3 Qc7 16. Ne3 Rfd8 17. Qc2 h6 18. Bf5 Bxf5 19. Nxf5 Bf8 20. Rfe1 Rac8 21. Rad1 b5 22. c5 Ne4 23. Bd2 Qd7 24. Ng3 Nxg3 25. hxg3 Re8 26. Bf4 Rxe1+ 27. Rxe1 Re8 28. Qd1 Re6 29. Re5 Be7 30. Rxe6 Qxe6 31. Be5 f6 32. Bf4 Qe4 33. Qd2 Kf7 34. f3 Qb1+ 35. Kh2 Qf5 36. g4 Qg6 37. Qa5 h5 38. Qxa6 hxg4 39. Qxc6 Qh5+ 40. Kg3 f5 41. Qxd5+ Kg6 42. Qe6+ Bf6 43. Be5 Qh4+ 44. Kf4 gxf3+ 45. Kxf3 Qe4+ 46. Kf2 Qc2+ 47. Kg1 Qc1+ 48. Kh2 Qh6+ 49. Kg1 Qe3+ 50. Kf1 Qc1+ 51. Kf2 Qd2+ 52. Kf3 Qd3+ 53. Kf2 Qd2+ 54. Kg3 Qe3+ 55. Kh2 Qh6+ 56. Kg1 Qc1+ 57. Kf2 Qd2+ 1/2-1/2

[Event "Titled Tuesday intern op 19th Sep Early"]
[Site "Chess.com INT"]
[Date "2023.09.19"]
[Round "2"]
[White "Xia, Brandon Yang"]
[Black "Przybylski, Wojciech"]
[Result "0-1"]
[WhiteElo "2024"]
[BlackElo "2308"]
[PlyCount "100"]
[EventDate "2023.09.19"]
[EventType "swiss (blitz)"]
[EventRounds "11"]
[EventCountry "USA"]
[SourceTitle "EXT 2024"]
[Source "ChessBase"]
[SourceDate "2023.10.10"]
[SourceVersion "1"]
[SourceVersionDate "2023.10.10"]
[SourceQuality "1"]

1. Nf3 Nf6 2. b3 d6 3. Bb2 e5 4. e3 Be7 5. Be2 0-0 6. 0-0 b6 7. c4 Bb7 8. Nc3 Nbd7 9. d4 a6 10. Qc2 exd4 11. Nxd4 Ne5 12. h3 Re8 13. Rad1 Bf8 14. Nf5 Qd7 15. Nd5 Bxd5 16. cxd5 g6 17. Ng3 Qd8 18. Rd2 Bg7 19. Rc1 Ra7 20. Qd1 Ned7 21. Rdc2 Nc5 22. Bf3 a5 23. Rd2 Nfd7 24. a3 Bxb2 25. Rxb2 Qf6 26. Rd2 a4 27. bxa4 Rxa4 28. Bg4 Ra7 29. Rd4 Ne5 30. Ne4 Qe7 31. a4 Nxe4 32. Rxe4 f5 33. Bxf5 gxf5 34. Rb4 Qf6 35. Rb3 Re7 36. Rbc3 Rg7 37. g3 h6 38. Kh2 Kh7 39. Qc2 Ng6 40. Qd3 Qe5 41. Rc4 Rf7 42. R1c2 Qa1 43. h4 Ne5 44. Qe2 Nxc4 45. Rxc4 Qf6 46. Qh5 Qg6 47. Qe2 Re7 48. Rf4 Re4 49. Qc2 Rxf4 50. exf4 Kh8 0-1

[Event "Titled Tuesday intern op 19th Sep Early"]
[Site "Chess.com INT"]
[Date "2023.09.19"]
[Round "11"]
[White "Xia, Brandon Yang"]
[Black "Subervi Nunez, Jonathan Sigfredo"]
[Result "0-1"]
[WhiteElo "2024"]
[BlackElo "2047"]
[PlyCount "94"]
[EventDate "2023.09.19"]
[EventType "swiss (blitz)"]
[EventRounds "11"]
[EventCountry "USA"]
[SourceTitle "EXT 2024"]
[Source "ChessBase"]
[SourceDate "2023.10.10"]
[SourceVersion "1"]
[SourceVersionDate "2023.10.10"]
[SourceQuality "1"]

1. b3 d5 2. Bb2 Bg4 3. f3 Bh5 4. e3 Nd7 5. Nh3 e5 6. Be2 Bd6 7. f4 Bxe2 8. Qxe2 Qh4+ 9. Qf2 Qxf2+ 10. Nxf2 Ngf6 11. fxe5 Bxe5 12. Nc3 0-0 13. 0-0-0 c6 14. d3 Rfe8 15. e4 Bxc3 16. Bxc3 dxe4 17. Nxe4 Nxe4 18. dxe4 Nc5 19. e5 Rad8 20. Bd4 Ne6 21. Bxa7 Ra8 22. Bf2 Rxa2 23. Rhe1 c5 24. Rd7 b5 25. Red1 h5 26. Be1 Nd4 27. Kb1 Rea8 28. Bc3 Ne6 29. g3 c4 30. Rd8+ Nxd8 31. Rxd8+ Rxd8 32. Kxa2 cxb3+ 33. Kxb3 Rd1 34. Kb4 Rh1 35. h4 Rh2 36. Kb3 Rg2 37. Be1 Kf8 38. c3 Ke7 39. Kb4 Rb2+ 40. Kc5 Ke6 41. g4 hxg4 42. Bg3 Rc2 43. Kd4 Rb2 44. Kc5 Rg2 45. Bf4 Rf2 46. Be3 Rf3 47. Bd4 g3 0-1

[Event "Titled Tuesday intern op 25th Jul Late"]
[Site "Chess.com INT"]
[Date "2023.07.25"]
[Round "7"]
[White "Huang, Youhe"]
[Black "Xia, Brandon Yang"]
[Result "1-0"]
[WhiteElo "2071"]
[BlackElo "2024"]
[PlyCount "93"]
[EventDate "2023.07.25"]
[EventType "swiss (blitz)"]
[EventRounds "11"]
[EventCountry "USA"]
[SourceTitle "EXT 2024"]
[Source "ChessBase"]
[SourceDate "2023.10.10"]
[SourceVersion "1"]
[SourceVersionDate "2023.10.10"]
[SourceQuality "1"]

1. a3 g6 2. h4 Nf6 3. h5 Nxh5 4. e4 d5 5. Rxh5 gxh5 6. Qxh5 dxe4 7. Bc4 e6 8. Nc3 Nc6 9. Nxe4 Bd7 10. d3 Nd4 11. Qe5 Nxc2+ 12. Kd1 Nxa1 13. Bg5 Qxg5 14. Nxg5 Rg8 15. Nxh7 0-0-0 16. b3 Rxg2 17. Nf3 Bg7 18. Qa5 Kb8 19. Nhg5 Bc6 20. Ke2 b6 21. Qd2 Rd7 22. Kf1 Bxf3 23. Nxf3 Rg6 24. a4 Bf6 25. a5 Rd8 26. Qa2 Rh8 27. Ke2 Rh1 28. Bb5 Rc1 29. Qa3 Rc2+ 30. Ke3 Rc5 31. Qa4 Nc2+ 32. Kd2 Rg2 33. Ke2 Rf5 34. axb6 cxb6 35. Bc6 Nd4+ 36. Nxd4 Rfxf2+ 37. Ke3 Bxd4+ 38. Kxd4 Rf4+ 39. Be4 Rg8 40. Qc6 Rd8+ 41. Ke3 Rxe4+ 42. Kxe4 Rd5 43. Qe8+ Kb7 44. Qxf7+ Ka6 45. Qxe6 Ra5 46. Qc4+ Rb5 47. b4 1-0

[Event "Titled Tuesday intern op 25th Jul Late"]
[Site "Chess.com INT"]
[Date "2023.07.25"]
[Round "9"]
[White "Jahnz, Fabian"]
[Black "Xia, Brandon Yang"]
[Result "0-1"]
[WhiteElo "2268"]
[BlackElo "2024"]
[PlyCount "88"]
[EventDate "2023.07.25"]
[EventType "swiss (blitz)"]
[EventRounds "11"]
[EventCountry "USA"]
[SourceTitle "EXT 2024"]
[Source "ChessBase"]
[SourceDate "2023.10.10"]
[SourceVersion "1"]
[SourceVersionDate "2023.10.10"]
[SourceQuality "1"]

1. e4 g6 2. d4 Bg7 3. Nc3 d6 4. Bg5 a6 5. Qd2 b5 6. 0-0-0 Bb7 7. f3 Nd7 8. h4 h6 9. Be3 c5 10. dxc5 Nxc5 11. Bxc5 dxc5 12. Qxd8+ Rxd8 13. Rxd8+ Kxd8 14. Nge2 Nf6 15. g4 Kc7 16. Bg2 Nd7 17. f4 Nb6 18. Rg1 h5 19. g5 Rd8 20. Rd1 Rxd1+ 21. Kxd1 Nc4 22. Kc1 b4 23. Nd1 a5 24. c3 Nd6 25. Ng3 a4 26. Kc2 Kb6 27. Ne3 e6 28. cxb4 cxb4 29. b3 a3 30. Kd3 Nb5 31. Nc4+ Kc5 32. Ne2 Ba6 33. Bh3 Nd6 34. f5 Nxc4 35. bxc4 Bxc4+ 36. Kc2 Bxa2 37. fxg6 fxg6 38. Nc1 Bc4 39. Nb3+ Kb5 40. Nd2 a2 41. Nxc4 a1Q 42. Bxe6 Qc3+ 43. Kb1 b3 44. Na3+ Kb4 0-1

[Event "Titled Tuesday intern op 25th Jul Late"]
[Site "Chess.com INT"]
[Date "2023.07.25"]
[Round "2"]
[White "Xia, Brandon Yang"]
[Black "Gavrilin, Roman"]
[Result "1/2-1/2"]
[WhiteElo "2024"]
[BlackElo "2156"]
[PlyCount "88"]
[EventDate "2023.07.25"]
[EventType "swiss (blitz)"]
[EventRounds "11"]
[EventCountry "USA"]
[SourceTitle "EXT 2024"]
[Source "ChessBase"]
[SourceDate "2023.10.10"]
[SourceVersion "1"]
[SourceVersionDate "2023.10.10"]
[SourceQuality "1"]

1. b3 e5 2. Bb2 Nc6 3. e3 Nf6 4. Bb5 Bd6 5. Na3 a6 6. Be2 0-0 7. c4 Re8 8. Nc2 Bf8 9. d3 d5 10. Nf3 Bg4 11. 0-0 Qd7 12. d4 exd4 13. Ncxd4 Nxd4 14. Nxd4 Bxe2 15. Nxe2 dxc4 16. Bxf6 Qxd1 17. Rfxd1 gxf6 18. bxc4 Bc5 19. g4 Re4 20. Nf4 Rxc4 21. Rd7 Bd6 22. Nd5 Rxg4+ 23. Kf1 Kg7 24. Nxc7 Bxh2 25. Ke2 Bxc7 26. Rxc7 b5 27. f3 Rg2+ 28. Kd3 Rd8+ 29. Ke4 Re8+ 30. Kf4 Kg6 31. e4 h5 32. Rc6 Rg5 33. Rxa6 h4 34. Rh1 Rh8 35. Rh3 Rg2 36. Ra5 Rh5 37. Ra6 Rg1 38. a3 Ra1 39. Ra8 Kg7 40. Ra5 Kg6 41. Ke3 Rb1 42. Kf4 Ra1 43. Kg4 Rg5+ 44. Kf4 Rh5 1/2-1/2

[Event "Titled Tuesday intern op 25th Jul Late"]
[Site "Chess.com INT"]
[Date "2023.07.25"]
[Round "1"]
[White "Xia, Brandon Yang"]
[Black "Manukyan, Sargis A"]
[Result "0-1"]
[WhiteElo "2024"]
[BlackElo "2201"]
[PlyCount "116"]
[EventDate "2023.07.25"]
[EventType "swiss (blitz)"]
[EventRounds "11"]
[EventCountry "USA"]
[SourceTitle "EXT 2024"]
[Source "ChessBase"]
[SourceDate "2023.10.10"]
[SourceVersion "1"]
[SourceVersionDate "2023.10.10"]
[SourceQuality "1"]

1. Nf3 d5 2. b3 e6 3. Bb2 Nf6 4. e3 Be7 5. Be2 0-0 6. 0-0 c5 7. c4 Nc6 8. cxd5 exd5 9. d4 cxd4 10. Nxd4 Bd7 11. Nc3 Rc8 12. Rc1 a6 13. Bf3 Be6 14. Qd3 Ne5 15. Qb1 Nxf3+ 16. Nxf3 h6 17. Rfd1 Bb4 18. Ne2 Rxc1 19. Qxc1 Qc8 20. Qa1 Be7 21. Nf4 Rd8 22. Nxe6 fxe6 23. Qb1 Ne4 24. Nd4 Bf6 25. Rc1 Qd7 26. Nf3 Qe7 27. Be5 Bxe5 28. Nxe5 Qf6 29. Nf3 Rf8 30. Rc2 Qg6 31. Qd1 Nd6 32. Rc7 Qf6 33. h3 Rf7 34. Qc2 Ne4 35. Rxf7 Qxf7 36. Ne5 Qe8 37. f4 Qd8 38. Kh2 Kh7 39. Nf3 Kg8 40. Ne5 Qh4 41. Qc8+ Kh7 42. Qxe6 Qg3+ 43. Kh1 Qe1+ 44. Kh2 Qg3+ 45. Kh1 Nf6 46. Qf5+ Kg8 47. Qc8+ Kh7 48. Qc2+ Ne4 49. Qc8 Qe1+ 50. Kh2 Ng3 51. Nf3 Qf2 52. Qg4 Nf1+ 53. Kh1 Nxe3 54. Ng5+ Kg6 55. Qe6+ Kh5 56. Qf7+ g6 57. g4+ Kh4 58. Nf3+ Kg3 0-1

[Event "Titled Tuesday intern op 16th May Late"]
[Site "Chess.com INT"]
[Date "2023.05.16"]
[Round "9"]
[White "Cooklev, Steven"]
[Black "Xia, Brandon Yang"]
[Result "1-0"]
[WhiteElo "2039"]
[BlackElo "2024"]
[PlyCount "93"]
[EventDate "2023.05.16"]
[EventType "swiss (blitz)"]
[EventRounds "11"]
[EventCountry "USA"]
[SourceTitle "CBM 214 Extra"]
[Source "ChessBase"]
[SourceDate "2023.07.31"]
[SourceVersion "1"]
[SourceVersionDate "2023.07.31"]
[SourceQuality "1"]

1. e4 g6 2. d4 Bg7 3. Nf3 d6 4. Bc4 Nf6 5. Qe2 0-0 6. 0-0 Nc6 7. h3 e5 8. dxe5 Nxe5 9. Nxe5 dxe5 10. Rd1 Qe7 11. Bg5 Be6 12. Nd2 Rfd8 13. Bb3 c6 14. Nf3 Bxb3 15. axb3 Qc5 16. c3 h6 17. Be3 Qb5 18. Rxd8+ Rxd8 19. Qxb5 cxb5 20. Rxa7 Nxe4 21. Rxb7 f5 22. Rxb5 Rd1+ 23. Kh2 Rb1 24. Nxe5 Rxb2 25. Nxg6 Nxc3 26. Rxf5 Rxb3 27. Ne7+ Kh7 28. Rf7 Ne2 29. Nf5 Kg6 30. Rxg7+ Kxf5 31. Bxh6 Nd4 32. Be3 Ne6 33. Ra7 Rb5 34. g4+ Kf6 35. Kg3 Rb1 36. h4 Nf8 37. g5+ Kg6 38. Ra6+ Kh7 39. h5 Rg1+ 40. Kf4 Rh1 41. Ra7+ Kg8 42. Kg4 Rg1+ 43. Kf5 Rh1 44. h6 Rh3 45. Bc5 Nh7 46. Ra8+ Kf7 47. g6# 1-0

[Event "North American op 31st"]
[Site "Las Vegas"]
[Date "2021.12.29"]
[Round "8"]
[White "Ivanov, Mike"]
[Black "Xia, Brandon Yang"]
[Result "1-0"]
[WhiteElo "2360"]
[BlackElo "2060"]
[PlyCount "89"]
[EventDate "2021.12.26"]
[EventType "swiss"]
[EventRounds "9"]
[EventCountry "USA"]
[SourceTitle "CBM 205 Extra"]
[Source "ChessBase"]
[SourceDate "2022.01.31"]
[SourceVersion "1"]
[SourceVersionDate "2022.01.31"]
[SourceQuality "1"]

1. e4 g6 2. d4 Bg7 3. Nf3 d6 4. Bc4 Nf6 5. Qe2 0-0 6. e5 dxe5 7. dxe5 Nd5 8. h3 c6 9. 0-0 Qc7 10. Re1 Be6 11. Bg5 a5 12. a4 h6 13. Bh4 Nf4 14. Qe4 Bxc4 15. Qxc4 Ne6 16. Nc3 Na6 17. Ne4 Nb4 18. Bg3 Qb6 19. h4 Rad8 20. Ra3 Qa6 21. Qxa6 Nxa6 22. Rc3 Rd5 23. Ned2 Rfd8 24. Nb3 R8d7 25. Rc4 Nac7 26. Kf1 h5 27. Ng5 b5 28. Rxc6 bxa4 29. c4 axb3 30. cxd5 Rxd5 31. Rb6 a4 32. Rb8+ Bf8 33. Ne4 Nc5 34. Nxc5 Rxc5 35. Rb4 Ra5 36. Ra1 e6 37. Rbxa4 Rd5 38. Rc4 Nb5 39. Rc8 Kg7 40. Raa8 Rd1+ 41. Ke2 Rb1 42. Rxf8 Rxb2+ 43. Kd3 g5 44. Rg8+ Kh7 45. Rh8+ 1-0

[Event "North American op 31st"]
[Site "Las Vegas"]
[Date "2021.12.28"]
[Round "6"]
[White "Deng, Henry"]
[Black "Xia, Brandon Yang"]
[Result "1/2-1/2"]
[WhiteElo "1834"]
[BlackElo "2060"]
[PlyCount "46"]
[EventDate "2021.12.26"]
[EventType "swiss"]
[EventRounds "9"]
[EventCountry "USA"]
[SourceTitle "CBM 205 Extra"]
[Source "ChessBase"]
[SourceDate "2022.01.31"]
[SourceVersion "1"]
[SourceVersionDate "2022.01.31"]
[SourceQuality "1"]

1. e4 g6 2. d4 Bg7 3. Nc3 d6 4. Be3 a6 5. a4 Nc6 6. Nf3 Nf6 7. h3 0-0 8. Bc4 Nxe4 9. Nxe4 d5 10. Bd3 dxe4 11. Bxe4 Nb4 12. Qd2 Nd5 13. Bh6 Nf6 14. Bd3 b6 15. c3 Bb7 16. Bxg7 Kxg7 17. Qe3 Qd6 18. 0-0 Nd5 19. Qe4 Rab8 20. Rfe1 Nf4 21. Qe3 Nxd3 22. Qxd3 Bxf3 23. Qxf3 e6 1/2-1/2

[Event "North American-ch U20"]
[Site "Charlotte"]
[Date "2019.06.30"]
[Round "9"]
[White "Wen, Tommy"]
[Black "Xia, Brandon Yang"]
[Result "1-0"]
[WhiteElo "1865"]
[BlackElo "2122"]
[PlyCount "147"]
[EventDate "2019.06.26"]
[EventType "swiss"]
[EventRounds "9"]
[EventCountry "USA"]
[SourceTitle "CBM 191 Extra"]
[Source "ChessBase"]
[SourceDate "2019.09.30"]
[SourceVersion "1"]
[SourceVersionDate "2019.09.30"]
[SourceQuality "1"]

1. e4 g6 2. d4 Bg7 3. Nf3 d6 4. Bc4 Nf6 5. Qe2 0-0 6. e5 dxe5 7. dxe5 Nfd7 8. e6 fxe6 9. Qxe6+ Kh8 10. Qe2 Nc6 11. 0-0 Nde5 12. Nxe5 Nxe5 13. Bb3 c6 14. Nc3 Qc7 15. f3 a5 16. a4 b6 17. Re1 Ba6 18. Qe4 Rad8 19. Be3 Bb7 20. Rad1 Rd6 21. Bf2 Rf5 22. Bg3 c5 23. Bd5 Bxd5 24. Rxd5 Rxd5 25. Nxd5 Qb7 26. Ne3 Qxe4 27. fxe4 Rf8 28. Bxe5 Bxe5 29. c3 Rd8 30. Nd5 Rd6 31. Nxe7 Rd2 32. Nc6 Bg7 33. e5 Kg8 34. b4 cxb4 35. cxb4 axb4 36. e6 Bf6 37. e7 Bxe7 38. Nxe7+ Kf7 39. Nc6 b3 40. Rb1 Rc2 41. Nd4 Rc4 42. Nxb3 Rxa4 43. Nd2 Rd4 44. Nf3 Rd6 45. Ne5+ Kg7 46. Nc4 Rc6 47. Nxb6 h5 48. Nd5 Rd6 49. Rb5 Rd7 50. h4 Kh6 51. Nf4 Rd6 52. Rg5 Ra6 53. Kf2 Ra2+ 54. Kf3 Ra3+ 55. Ke4 Ra4+ 56. Ke5 Ra6 57. Rxg6+ Rxg6 58. Nxg6 Kxg6 59. Ke6 Kg7 60. Kf5 Kh6 61. Kf6 Kh7 62. Kg5 Kg7 63. Kxh5 Kh7 64. g4 Kg7 65. g5 Kh7 66. Kg4 Kg6 67. Kf4 Kg7 68. h5 Kh7 69. Kf5 Kg7 70. g6 Kf8 71. Kf6 Kg8 72. g7 Kh7 73. Kf7 Kh6 74. g8Q 1-0

[Event "North American-ch U20"]
[Site "Charlotte"]
[Date "2019.06.26"]
[Round "2"]
[White "Xia, Brandon Yang"]
[Black "Kim, Yoon Young"]
[Result "0-1"]
[WhiteElo "2122"]
[BlackElo "2322"]
[PlyCount "96"]
[EventDate "2019.06.26"]
[EventType "swiss"]
[EventRounds "9"]
[EventCountry "USA"]
[SourceTitle "CBM 191 Extra"]
[Source "ChessBase"]
[SourceDate "2019.09.30"]
[SourceVersion "1"]
[SourceVersionDate "2019.09.30"]
[SourceQuality "1"]

1. g3 d5 2. Bg2 c6 3. d3 Nf6 4. Nd2 e5 5. e4 dxe4 6. dxe4 Bc5 7. Ngf3 Bg4 8. 0-0 Nbd7 9. c3 a5 10. a4 0-0 11. Qc2 Re8 12. Nc4 h6 13. h3 Bxf3 14. Bxf3 Qc7 15. Bg2 b5 16. Ne3 Nb6 17. axb5 cxb5 18. Nf5 Nc4 19. Re1 Nd6 20. Nxd6 Qxd6 21. Qe2 Reb8 22. Be3 a4 23. Red1 Qc7 24. Rd3 Bxe3 25. Qxe3 Qe7 26. Rad1 b4 27. cxb4 Rxb4 28. R1d2 Rab8 29. Ra3 Qc7 30. Kh2 Kh7 31. Qe2 Qb6 32. Ra2 Rc8 33. Ra1 Rb8 34. Ra2 h5 35. Qd1 Qb5 36. Bf1 Qc6 37. f3 Rc8 38. Bd3 Rd8 39. Qe2 Qd6 40. Kg2 Rd4 41. Ra3 g6 42. Rd1 Kg7 43. Kf2 h4 44. g4 Ne8 45. Ke1 Nc7 46. Bc2 Qb4+ 47. Kf2 Rxd1 48. Rxa4 Qc5+ 0-1

[Event "Pan American-ch U16"]
[Site "Santiago de Chile"]
[Date "2018.07.25"]
[Round "5"]
[White "Xia, Brandon Yang"]
[Black "Gonzales Curse, Flavio"]
[Result "1-0"]
[WhiteElo "1973"]
[BlackElo "2069"]
[PlyCount "115"]
[EventDate "2018.07.22"]
[EventType "swiss"]
[EventRounds "9"]
[EventCountry "CHI"]
[SourceTitle "EXT 2022"]
[Source "ChessBase"]
[SourceDate "2021.10.06"]
[SourceVersion "1"]
[SourceVersionDate "2021.10.06"]
[SourceQuality "1"]

1. b3 e5 2. Bb2 Nc6 3. e3 Nf6 4. Bb5 d6 5. Nf3 Bd7 6. d4 exd4 7. Nxd4 d5 8. Nxc6 bxc6 9. Be2 Bb4+ 10. c3 Bd6 11. Nd2 Qe7 12. Qc2 a5 13. 0-0 0-0 14. c4 Rfe8 15. Rac1 Qe6 16. h3 h6 17. a3 Ra7 18. Qc3 Bf8 19. Rfd1 Rd8 20. Qd4 c5 21. cxd5 Nxd5 22. Rxc5 Nf6 23. Rcc1 c5 24. Qc3 a4 25. Bc4 Qb6 26. Nf3 axb3 27. Qxb3 Qxb3 28. Bxb3 Rb8 29. Nd2 Be6 30. Bxf6 Bxb3 31. Be5 Re8 32. Nxb3 Rxe5 33. Rd8 Rc7 34. f4 Rxe3 35. Rxc5 Rce7 36. Rb5 Re1+ 37. Kh2 Re8 38. Rxe8 Rxe8 39. a4 Bd6 40. g3 Kf8 41. Kg2 Re2+ 42. Kf3 Ra2 43. a5 Ke7 44. Nd4 g6 45. Rb7+ Ke8 46. Nb5 Bc5 47. a6 f5 48. g4 h5 49. a7 hxg4+ 50. hxg4 Bxa7 51. Rxa7 fxg4+ 52. Kxg4 Rg2+ 53. Kf3 Rg1 54. Ke4 Re1+ 55. Kd5 Kf8 56. Nc3 Kg8 57. Ne4 Kf8 58. Ke5 1-0

[Event "Irvine Orange Pumpkin op"]
[Site "Irvine"]
[Date "2016.10.29"]
[Round "3"]
[White "Ghazarian, Kirk Vagho"]
[Black "Xia, Brandon Yang"]
[Result "1-0"]
[WhiteElo "1886"]
[BlackElo "1761"]
[PlyCount "73"]
[EventDate "2016.10.28"]
[EventType "swiss"]
[EventRounds "6"]
[EventCountry "USA"]
[SourceTitle "EXT 2018"]
[Source "ChessBase"]
[SourceDate "2017.10.13"]
[SourceVersion "1"]
[SourceVersionDate "2017.10.13"]
[SourceQuality "1"]

1. d4 f5 2. c4 Nf6 3. Nc3 g6 4. h4 Bg7 5. h5 d5 6. hxg6 hxg6 7. Rxh8+ Bxh8 8. cxd5 Nxd5 9. Nf3 c6 10. Qd2 Nxc3 11. bxc3 Bg7 12. Ba3 Qa5 13. Bb4 Qd5 14. Qg5 Qf7 15. e3 Be6 16. Qg3 Nd7 17. Nh4 Nf8 18. Qc7 Bc8 19. Bc4 Qf6 20. Nf3 Ne6 21. Qh2 a5 22. Bxe6 Qxe6 23. Bc5 Qc4 24. Rc1 Qxa2 25. Qg3 Qe6 26. Nh4 a4 27. Nxg6 b6 28. Nf4 Qf7 29. Ba3 Qb3 30. Qg6+ Kd8 31. Bxe7+ Kxe7 32. Qxg7+ Kd8 33. d5 Qa3 34. Rd1 c5 35. Ne6+ Ke8 36. Qf8+ Kd7 37. Qd8# 1-0

[Event "Irvine Orange Pumpkin op"]
[Site "Irvine"]
[Date "2016.10.28"]
[Round "2"]
[White "Xia, Brandon Yang"]
[Black "Taylor, Timothy"]
[Result "0-1"]
[WhiteElo "1761"]
[BlackElo "2247"]
[PlyCount "56"]
[EventDate "2016.10.28"]
[EventType "swiss"]
[EventRounds "6"]
[EventCountry "USA"]
[SourceTitle "EXT 2018"]
[Source "ChessBase"]
[SourceDate "2017.10.13"]
[SourceVersion "1"]
[SourceVersionDate "2017.10.13"]
[SourceQuality "1"]

1. b3 Nf6 2. Bb2 e6 3. e3 b6 4. Nf3 Bb7 5. Be2 Be7 6. 0-0 0-0 7. c4 c5 8. Nc3 Nc6 9. d4 cxd4 10. exd4 d5 11. Re1 Rc8 12. Qd2 dxc4 13. bxc4 Na5 14. Ne5 Nd7 15. Qf4 Qc7 16. Nb5 Qb8 17. Nxa7 Rxc4 18. Bxc4 Nxc4 19. Qc1 Ndxe5 20. dxe5 Nxb2 21. Qxb2 Qxa7 22. a4 Qa5 23. Rab1 Bc5 24. Qb5 Qd2 25. Qe2 Qd5 26. Qf1 Ra8 27. Kh1 h6 28. f3 Ba6 0-1